Latinoamericano posterior a la Segunda Guerra Mundial /
Wedi'i Gadw mewn:
| Prif Awdur: | |
|---|---|
| Awduron Eraill: | , |
| Fformat: | Anhysbys |
| Cyhoeddwyd: |
San José:
FLACSO; UNA. Facultad de Ciencias Sociales
|
| Pynciau: | |
| Tagiau: |
Ychwanegu Tag
Dim Tagiau, Byddwch y cyntaf i dagio'r cofnod hwn!
|
MARC
| LEADER | 00000 a2200000 04500 | ||
|---|---|---|---|
| 001 | 10767 | ||
| 003 | cru IIS | ||
| 005 | 20240719062600.0 | ||
| 008 | 991231s d | ||
| 040 | |c CRAI IIS | ||
| 090 | |a 137202 | ||
| 100 | 1 | |a Hinkelammert, Franz J. |9 4235 | |
| 245 | |a Latinoamericano posterior a la Segunda Guerra Mundial / |c Franz J. Hinkelammert | ||
| 260 | |a San José: |b FLACSO; UNA. Facultad de Ciencias Sociales | ||
| 300 | |a 423 p | ||
| 650 | |a INTEGRACION REGIONAL | ||
| 650 | |a ANALISIS HISTORICO | ||
| 650 | |a LIBRE COMERCIO | ||
| 650 | |a GUERRA CIVIL | ||
| 650 | |a SOCIEDAD CIVIL | ||
| 650 | |a GOBIERNO | ||
| 650 | |a CONDICIONES ECONOMICAS | ||
| 650 | |a CONDICIONES SOCIALES | ||
| 650 | |a DESARROLLO ECONOMICO Y SOCIAL | ||
| 650 | |a GOBERNABILIDAD | ||
| 650 | |a ASPECTOS POLITICOS | ||
| 700 | |a comp | ||
| 700 | |a Delgado Rojas, Jaime Gerardo | ||
| 700 | |a comp | ||
| 942 | |2 ddc |c LI | ||
| 999 | |c 11489 |d 11489 | ||
| 773 | 0 | |0 118 |9 6661 |a Sánchez Oviedo, Olga Marta |d San José: FLACSO; UNA. Facultad de Ciencias Sociales 1993. |o 21952 |t UNA Contribución al debate: |w (cru IIS)10781 |z 9977-68-044-2 | |



